Archivo Histórico Provincial de Pontevedra (Record no. 93819)

MARC details
000 -LEADER
campo de control de longitud fija 00747nam a2200193 i 4500
001 - NÚMERO DE CONTROL
campo de control 93819
003 - IDENTIFICADOR DE NÚMERO DE CONTROL
campo de control ES-MaACL
005 - FECHA Y HORA DE LA ÚLTIMA TRANSACCIÓN
campo de control 20230906181325.0
007 - CAMPO FIJO DE DESCRIPCIÓN FÍSICA--INFORMACIÓN GENERAL
campo de control de longitud fija t|
008 - DATOS DE LONGITUD FIJA--INFORMACIÓN GENERAL
campo de control de longitud fija 050420s1997 sp ||||1| spa d
100 1# - ENTRADA PRINCIPAL--NOMBRE DE PERSONA
Nombre de persona López Gómez, Pedro.
9 (RLIN) 73674
245 10 - MENCIÓN DEL TÍTULO
Título Archivo Histórico Provincial de Pontevedra
Resto del título : guía del investigador /
Mención de responsabilidad, etc. Pedro López Gomez; con la colaboración de María Dolores Barahona Riber.
260 ## - PUBLICACIÓN, DISTRIBUCIÓN, ETC.
Lugar de publicación, distribución, etc. [Madrid] :
Nombre del editor, distribuidor, etc. Dirección General del Patrimonio Artístico y Cultural,
Fecha de publicación, distribución, etc. 1977.
300 ## - DESCRIPCIÓN FÍSICA
Extensión 167 p., 5 lám., 1 map. ;
Dimensiones 22 cm.
610 27 - PUNTO DE ACCESO ADICIONAL DE MATERIA--NOMBRE DE ENTIDAD CORPORATIVA
Nombre de entidad corporativa o nombre de jurisdicción como elemento de entrada Archivo Histórico Provincial de Pontevedra.
9 (RLIN) 1458
700 1# - ENTRADA AGREGADA--NOMBRE PERSONAL
Nombre de persona Barahona Riber, Dolores.
9 (RLIN) 25287
852 ## - LOCALIZACIÓN
Ubicación ES-MaACL
Número de control de estantería A-6707
Sublocalización o colección R.95896
852 ## - LOCALIZACIÓN
Ubicación ES-MaACL
Número de control de estantería A-7128
Sublocalización o colección R.96194
Holdings
Estatus retirado Estado de pérdida Estado de daño No para préstamo Biblioteca de origen Biblioteca actual Ubicación en estantería Fecha de adquisición Fuente de adquisición Total de préstamos Signatura topográfica completa Código de barras Visto por última vez Precio de reemplazo Tipo de ítem Koha
        Biblioteca del Ateneo de Madrid Biblioteca del Ateneo de Madrid Sala Pecera Planta 1 17/01/2008     A-7128 1097980 23/02/2023 23/02/2023 Libro impreso
        Biblioteca del Ateneo de Madrid Biblioteca del Ateneo de Madrid Sala Pecera Planta 1 17/01/2008     A-6707 1097979 23/02/2023 23/02/2023 Libro impreso